Tall story (Record no. 8968)

MARC details
000 -LEADER
fixed length control field 00815nam a22002057a 4500
003 - CONTROL NUMBER IDENTIFIER
control field OSt
005 - DATE AND TIME OF LATEST TRANSACTION
control field 20260312002530.0
008 - FIXED-LENGTH DATA ELEMENTS--GENERAL INFORMATION
fixed length control field 260312b |||||||| |||| 00| 0 eng d
020 ## - INTERNATIONAL STANDARD BOOK NUMBER
International Standard Book Number 978-0-385-75233-6
040 ## - CATALOGING SOURCE
Original cataloging agency DWCL GS lib
Transcribing agency OC
082 ## - DEWEY DECIMAL CLASSIFICATION NUMBER
Classification number G716t 2011
100 ## - MAIN ENTRY--PERSONAL NAME
Personal name GOURLAY, CANDY
245 ## - TITLE STATEMENT
Title Tall story
Statement of responsibility, etc. Candy Gourlay
300 ## - PHYSICAL DESCRIPTION
Extent 269 p
Dimensions 19cm
520 ## - SUMMARY, ETC.
Summary, etc. Andi, a basketball-obsessed girl in London, and her long-lost half-brother, Bernardo, an 8-foot-tall teenager with gigantism from the Philippines.
650 ## - SUBJECT ADDED ENTRY--TOPICAL TERM
Topical term or geographic name entry element contemporary young adult novel that blends Philippine folklore with a modern story of immigration and family
650 ## - SUBJECT ADDED ENTRY--TOPICAL TERM
Topical term or geographic name entry element accepting one's uniqueness, overcoming cultural transitions, and finding strength in family connections.
700 ## - ADDED ENTRY--PERSONAL NAME
Personal name Candy Gourlay
942 ## - ADDED ENTRY ELEMENTS (KOHA)
Source of classification or shelving scheme Dewey Decimal Classification
Koha item type Fiction
Suppress in OPAC No

No items available.